| 000 | 00848nas a2200289 4500 | ||
|---|---|---|---|
| 001 | BR9203439 | ||
| 003 | BR-BrBNA | ||
| 005 | 20231205092638.0 | ||
| 007 | ta | ||
| 008 | 230509b bl.|||p| |||| 00| 00por d | ||
| 040 |
_aBR-BrBNA _bpor _cBiblioteca Nacional de Agricultura |
||
| 041 | _a(Pt) | ||
| 072 | _aP11; L01 | ||
| 100 | 1 | _aCanaparro, L.F. | |
| 100 | 1 | _aBeltrame, L.F.S. | |
| 100 | 1 | _aLouzada, J.A.S. | |
| 245 | 1 | _aDrenagem subterranea: alternativa para aumentar a rentabilidade das varzeas | |
| 650 | _aDRENAGEM | ||
| 650 | _aCUSTO-BENEFICIO | ||
| 650 | _aARROZ IRRIGADO | ||
| 650 | _aEXPLORACAO AGRICOLA | ||
| 650 | _aPECUARIA | ||
| 650 | _aVARZEA | ||
| 773 | 0 |
_tLavoura Arrozeira (Brazil) _xISSN 0023-9143 _g(Jan-Feb 1991), v. 44(394) p. 3-5 _wBR9203439 |
|
| 909 |
_a202311 _bLúcia _c55 _dLúcia Elande |
||
| 942 |
_2AGRIS _n0 _cANA |
||
| 999 |
_c133119 _d133119 |
||